| 000 | 00614nam a22001575i 4500 | ||
|---|---|---|---|
| 001 | 54935 | ||
| 003 | ES-MaACL | ||
| 007 | t| | ||
| 008 | 940301s1900 sp ||||1| spa d | ||
| 040 |
_aAS _bspa |
||
| 100 | 1 |
_aGarcía Alix, Antonio. _954133 |
|
| 245 | 1 | 0 |
_aDisposiciones dictadas para la reorganización de la enseñanza _b: 26 abril a 30 septiembre de 1900 / _cpor Antonio García Alix, Primer Ministro de Instrucción Pública y Bellas Artes. |
| 260 |
_aMadrid : _b[s.n.], _c1900 ( _fImprenta del Colegio Nacional de Sordomudos y de ciegos) |
||
| 300 |
_aLXIII, 399 p. ; _c24 cm. |
||
| 852 |
_aES-MaACL _jG-14807 |
||
| 999 |
_c54935 _d54935 |
||